| 000 | 00602nam a2200193 a 4500 | ||
|---|---|---|---|
| 005 | 20140412111231.0 | ||
| 008 | 001110s19uu xx 00 eng d | ||
| 020 | _a0-395-45367-4 | ||
| 050 |
_aTR(PS E _bCu-La 1987 |
||
| 245 |
_aCurious George at the laundromat / _cedited by Margaret Rey and Alan J. Shalleck. |
||
| 260 |
_aBoston : _bHoughton Mifflin, _c1987. |
||
| 300 | _a32 p. ; ill. | ||
| 440 | _aCurious George | ||
| 500 | _aadapted from the Curious George film series | ||
| 650 | _aLaundromat--Fiction | ||
| 650 | _aSelf-service--Fiction | ||
| 650 | _aMonkeys--Fiction | ||
| 999 |
_c102181 _d102181 |
||